Menyisir angin /
| Main Author: | |
|---|---|
| Format: | Book |
| Published: |
Kuala Lumpur:
Zebra Editions,
2003.
|
| Subjects: |
| LEADER | 00451cam a2200181 7i4500 | ||
|---|---|---|---|
| 001 | 0000017670 | ||
| 005 | 20151104090000.0 | ||
| 005 | ##20151104121000.0 | ||
| 003 | ##MY-KlINT | ||
| 020 | # | # | |a 9832617219 |
| 039 | # | 9 | |y 201511041210 |z VLOAD |
| 090 | 0 | 0 | |a 899.2333 |b OMA |
| 100 | 1 | # | |a Omara Rahman |
| 245 | 1 | 0 | |a Menyisir angin / |c by Omara Rahman. |
| 260 | # | # | |a Kuala Lumpur: |b Zebra Editions, |c 2003. |
| 300 | # | # | |a 388p.; |c 19cm. |
| 650 | # | 0 | |a Fiction |
| 650 | # | 0 | |a Malay fiction |